[Event "TCh-TUR Super League 2014"]
[Site "Kocaeli TUR"]
[Date "2014.08.28"]
[Round "12.6"]
[Board "5"]
[White "Kinsiz, Onur"]
[Black "Yagiz, Yasin Emrah"]
[Result "1/2-1/2"]
[BlackTitle "FM"]
[WhiteElo "2239"]
[BlackElo "2251"]
[WhiteTeam "Istanbul Teknik Universitesi Socar – K.N.I."]
[BlackTeam "Ankara Demirspor Kulubu"]
[WhiteFideId "6301517"]
[BlackFideId "6303684"]
[EventDate "2014.08.18"]

1. e4 e5 2. Nf3 Nc6 3. Bc4 Bc5 4. c3 Qe7 5. d3 Nf6 6. Nbd2 O-O 7. O-O a6 8. Bb3
b5 9. h3 d6 10. Re1 Bb6 11. Nf1 Na5 12. Bc2 c5 13. Ng3 1/2-1/2

[Event "TCh-TUR Super League 2014"]
[Site "Kocaeli TUR"]
[Date "2014.08.28"]
[Round "12.6"]
[Board "6"]
[White "Gyokbulut, Julia"]
[Black "Asan, Elvan"]
[Result "1-0"]
[WhiteTitle "WFM"]
[WhiteElo "2098"]
[BlackElo "1821"]
[WhiteTeam "Ankara Demirspor Kulubu"]
[BlackTeam "Istanbul Teknik Universitesi Socar – K.N.I."]
[WhiteFideId "4153979"]
[BlackFideId "6312209"]
[EventDate "2014.08.18"]

1. d4 d5 2. c4 c6 3. Nf3 Nf6 4. Qc2 a6 5. b3 g6 6. e3 Bf5 7. Bd3 Bxd3 8. Qxd3
Bg7 9. Nbd2 O-O 10. O-O Nbd7 11. Bb2 Re8 12. h3 Qc7 13. Rac1 Rad8 14. cxd5 Nxd5
15. Qc4 e6 16. Ne4 f5 17. Nc3 N7b6 18. Qe2 Qe7 19. Rfd1 Rf8 20. Nb1 Qc7 21. Ba3
Rfe8 22. Qc2 Nd7 23. Nbd2 e5 24. dxe5 Nxe5 25. Nxe5 Qxe5 26. Nc4 Qe6 27. Re1 Nf6
28. Rcd1 Ne4 29. Rxd8 Rxd8 30. Rd1 Rxd1+ 31. Qxd1 Qd5 32. Qc2 Nc3 33. Bb4 Ne4
34. f3 Nf6 35. Kf2 Nd7 36. Ke2 c5 37. Bc3 b5 38. Bxg7 Kxg7 39. Qc3+ Kf7 40. Nb2
Ne5 41. Qa5 Qc6 42. Qd8 c4 43. bxc4 Nxc4 44. Nd3 Qd6 45. Qh8 Qg3 46. Qxh7+ Kf8
47. Nf4 Ne5 48. Qh8+ 1-0

[Event "TCh-TUR Super League 2014"]
[Site "Kocaeli TUR"]
[Date "2014.08.28"]
[Round "12.6"]
[Board "7"]
[White "Artemiev, Vladislav"]
[Black "Yuksel, Atilla Koksal"]
[Result "1-0"]
[WhiteTitle "GM"]
[BlackTitle "CM"]
[WhiteElo "2650"]
[BlackElo "2107"]
[WhiteTeam "Istanbul Teknik Universitesi Socar – K.N.I."]
[BlackTeam "Ankara Demirspor Kulubu"]
[WhiteFideId "24101605"]
[BlackFideId "6306667"]
[EventDate "2014.08.18"]

1. c4 c6 2. Nf3 Nf6 3. d4 d5 4. e3 e6 5. Bd3 Nbd7 6. O-O Be7 7. Nc3 O-O 8. e4
dxe4 9. Nxe4 Nxe4 10. Bxe4 Nf6 11. Bc2 c5 12. Qe2 Qc7 13. dxc5 Qxc5 14. Bg5 h6
15. Bh4 Bd7 16. Ne5 Bc6 17. Rad1 Rfd8 18. Bg3 Rxd1 19. Rxd1 Rd8 20. Rxd8+ Bxd8
21. Qd3 Bc7 22. Nxc6 Qxc6 23. b4 Bxg3 24. Qxg3 Nd7 25. Qd3 g6 26. h4 h5 27. Qd4
Nb6 28. Bb3 Qd7 29. Qe3 Qc6 30. Qd4 Qd7 31. Qf4 Qc6 32. Qb8+ Kh7 33. c5 Nd5 34.
Qf8 Qd7 35. b5 Qe7 36. Qc8 Qc7 37. Qxc7 Nxc7 38. a4 b6 39. cxb6 axb6 40. Kf1 Kg7
41. Ke2 Kf6 42. Kd3 Ke7 43. Kc3 Kd6 44. Kb4 Kd7 45. a5 bxa5+ 46. Kxa5 Na8 47. f4
Kc7 48. f5 gxf5 49. Bd1 Nb6 50. Bxh5 Nc4+ 51. Ka6 Nd6 52. Be2 Kb8 53. h5 Ne4 54.
h6 Nf6 55. Bh5 e5 56. Bxf7 e4 57. g3 e3 58. Bc4 1-0

[Event "TCh-TUR Super League 2014"]
[Site "Kocaeli TUR"]
[Date "2014.08.28"]
[Round "12.6"]
[Board "8"]
[White "Sop, Selen"]
[Black "Abdumalik, Zhansaya"]
[Result "0-1"]
[WhiteTitle "WFM"]
[BlackTitle "WGM"]
[WhiteElo "1961"]
[BlackElo "2333"]
[WhiteTeam "Ankara Demirspor Kulubu"]
[BlackTeam "Istanbul Teknik Universitesi Socar – K.N.I."]
[WhiteFideId "6300278"]
[BlackFideId "13703544"]
[EventDate "2014.08.18"]

1. e4 e6 2. d4 d5 3. e5 c5 4. c3 Nc6 5. Nf3 Qb6 6. a3 Nh6 7. b4 cxd4 8. cxd4 Nf5
9. Be3 Bd7 10. Bd3 Nxe3 11. fxe3 f5 12. O-O Be7 13. Nc3 Qd8 14. Rc1 O-O 15. Ne1
Rc8 16. Rf3 Bg5 17. Ne2 Qb6 18. Kh1 Nb8 19. Rxc8 Rxc8 20. Rh3 h6 21. Bb1 Qa6 22.
Rf3 Be8 23. Bd3 Qxa3 24. Nc2 Qb2 25. Qf1 Rxc2 26. Bxc2 Qxc2 27. h4 Bxh4 28. Nf4
Bd7 29. Ng6 Bg5 30. g4 Qe4 31. Kh2 Qxg4 32. Nf4 Bxf4+ 33. Rxf4 Qh5+ 34. Kg2 g5
35. Rf3 g4 36. Rg3 Qg5 37. Qc1 Kh7 38. Qc7 Qg8 39. Kh2 h5 40. Rg2 h4 41. Qd6 g3+
42. Kh1 Qe8 43. Rc2 h3 44. Rc7 Kh6 45. Rxb7 g2+ 46. Kg1 Qg8 47. Rxb8 h2+ 0-1

[Event "TCh-TUR Super League 2014"]
[Site "Kocaeli TUR"]
[Date "2014.08.28"]
[Round "12.6"]
[Board "9"]
[White "Sanal, Vahap"]
[Black "Yaver, Faik Emre"]
[Result "1-0"]
[WhiteTitle "IM"]
[WhiteElo "2473"]
[BlackElo "1919"]
[WhiteTeam "Istanbul Teknik Universitesi Socar – K.N.I."]
[BlackTeam "Ankara Demirspor Kulubu"]
[WhiteFideId "6300545"]
[BlackFideId "6329969"]
[EventDate "2014.08.18"]

1. e4 e5 2. Nf3 Nc6 3. Bb5 a6 4. Ba4 Nf6 5. O-O Be7 6. Re1 b5 7. Bb3 d6 8. c3
O-O 9. h3 Bb7 10. d4 Re8 11. Nbd2 Bf8 12. a3 h6 13. Bc2 Nb8 14. b4 Nbd7 15. Bb2
g6 16. Bd3 Nb6 17. Rc1 c5 18. d5 c4 19. Bc2 h5 20. Ra1 Bh6 21. Nf1 Nh7 22. a4
Qf6 23. Bc1 Bxc1 24. Qxc1 Nd7 25. Qe3 Qf4 26. Qxf4 exf4 27. axb5 axb5 28. Nd4
Ne5 29. Nxb5 Rad8 30. Nd2 g5 31. Ra7 Bc8 32. Na3 Nd3 33. Ra1 f5 34. Naxc4 fxe4
35. Nxe4 Bf5 36. Nexd6 1-0

[Event "TCh-TUR Super League 2014"]
[Site "Kocaeli TUR"]
[Date "2014.08.28"]
[Round "12.6"]
[Board "10"]
[White "Kose, Ulya"]
[Black "Hereklioglu, Sude"]
[Result "1-0"]
[BlackTitle "WCM"]
[WhiteElo "1512"]
[BlackElo "1846"]
[WhiteTeam "Ankara Demirspor Kulubu"]
[BlackTeam "Istanbul Teknik Universitesi Socar – K.N.I."]
[WhiteFideId "6372813"]
[BlackFideId "6359531"]
[EventDate "2014.08.18"]

1. e4 c5 2. c3 e5 3. Nf3 Nc6 4. Bc4 Be7 5. d3 Nf6 6. O-O O-O 7. Re1 Qc7 8. Nbd2
d6 9. Nf1 Rb8 10. a4 h6 11. Ng3 Be6 12. Bxe6 fxe6 13. Qb3 Qd7 14. Be3 d5 15.
exd5 exd5 16. d4 c4 17. Qd1 e4 18. Ne5 Qe8 19. Nf5 Bd8 20. Bf4 Qe6 21. Nxc6 Ra8
22. Nxh6+ Kh7 23. Nxd8 Raxd8 24. Qd2 Nh5 25. Bg5 Rde8 26. Qe2 gxh6 27. Qxh5 Rf5
28. h4 Ref8 29. f3 e3 30. Qxh6+ Qxh6 31. Bxh6 Kxh6 32. Rxe3 Rf4 33. Re7 R8f7 34.
Rxf7 Rxf7 35. Kf2 Kh5 36. Rh1 Rf6 37. g4+ Kg6 38. h5+ Kh6 39. Kg3 Rb6 40. f4
Rxb2 41. g5+ Kg7 42. h6+ Kh8 43. g6 Rc2 44. h7 Rxc3+ 45. Kg4 Rd3 46. g7+ 1-0

[Event "TCh-TUR Super League 2014"]
[Site "Kocaeli TUR"]
[Date "2014.08.29"]
[Round "13.1"]
[Board "3"]
[White "Mamedov, Rauf"]
[Black "Gurevich, Mikhail"]
[Result "1-0"]
[WhiteTitle "GM"]
[BlackTitle "GM"]
[WhiteElo "2659"]
[BlackElo "2571"]
[WhiteTeam "Besiktas Jimnastik Kulubu"]
[BlackTeam "Istanbul Teknik Universitesi Socar – K.N.I."]
[WhiteFideId "13401653"]
[BlackFideId "200930"]
[EventDate "2014.08.18"]

1. c4 Nf6 2. Nc3 e5 3. g3 d5 4. cxd5 Nxd5 5. Bg2 Nb6 6. e3 Be7 7. Nge2 c5 8. d4
exd4 9. exd4 Nc6 10. d5 Ne5 11. O-O O-O 12. Bf4 Nec4 13. b3 Nd6 14. Ne4 Nxe4 15.
Bxe4 Bh3 16. Re1 Bd6 17. Rc1 Rc8 18. Qd3 h6 19. Bd2 Re8 20. Nf4 Bd7 21. Nh5 Bg4
22. Bf3 Bxh5 23. Bxh5 Qf6 24. Bg4 Rcd8 25. Rxe8+ Rxe8 26. Kg2 Na8 27. h4 Nc7 28.
Bc3 Qd8 29. Rd1 Re7 30. Bf5 Ne8 31. Qf3 Be5 32. Bd2 Nd6 33. Bc2 Re8 34. Qd3 f5
35. Qf3 Qf6 36. Re1 Kf8 37. a4 Re7 38. Bd3 Bd4 39. Rc1 Ne4 40. Bxe4 Rxe4 41. b4
Qe5 42. d6 Re2 43. Bc3 1-0

[Event "TCh-TUR Super League 2014"]
[Site "Kocaeli TUR"]
[Date "2014.08.29"]
[Round "13.1"]
[Board "4"]
[White "Kinsiz, Onur"]
[Black "Atakisi, Umut"]
[Result "1/2-1/2"]
[BlackTitle "IM"]
[WhiteElo "2239"]
[BlackElo "2343"]
[WhiteTeam "Istanbul Teknik Universitesi Socar – K.N.I."]
[BlackTeam "Besiktas Jimnastik Kulubu"]
[WhiteFideId "6301517"]
[BlackFideId "6301037"]
[EventDate "2014.08.18"]

1. e4 c5 2. Nf3 Nc6 3. Bb5 d6 4. O-O Bd7 5. Re1 Nf6 6. c3 a6 7. Bf1 Bg4 8. h3
Bxf3 9. Qxf3 g6 10. d3 Bg7 11. Be3 Nd7 12. Nd2 O-O 13. Qd1 b5 14. Nf3 b4 15. d4
bxc3 16. bxc3 Qa5 17. Qd3 Rfb8 18. Reb1 Rxb1 19. Rxb1 Qxa2 20. Rb7 Nf8 21. dxc5
dxc5 22. Rb6 Rd8 23. Qxa6 Qxa6 24. Rxa6 Nb8 25. Ra8 Ne6 26. Bc4 Nc6 27. Ra6 Ne5
28. Bxe6 Nxf3+ 29. gxf3 fxe6 30. c4 Bd4 31. Rxe6 Kf7 32. Rc6 Ra8 33. Kg2 Ra4 34.
Bxd4 cxd4 35. f4 Ra3 36. Rc8 Rc3 37. c5 Ke6 38. Rd8 Rxc5 39. Rxd4 Rc3 40. Ra4
Rb3 41. Ra6+ Kf7 42. f3 Rb2+ 43. Kg3 Rb5 44. Kg4 Rc5 45. Ra1 Rb5 46. Rd1 Ra5 47.
Rg1 Rb5 48. Kh4 Rh5+ 49. Kg3 Ra5 50. h4 Kf6 51. Kh3 Ra3 52. Kg4 h5+ 53. Kg3 Rb3
54. Ra1 Rb5 55. Ra6+ Kf7 56. e5 Rb4 57. f5 gxf5 58. Rh6 f4+ 59. Kh3 Rb3 60. Kg2
Rb2+ 61. Kf1 Rb3 62. Kg2 Rb2+ 63. Kh3 Rb3 64. Rxh5 Rxf3+ 65. Kg4 Rf1 66. Rf5+
Ke6 67. Rxf4 Rg1+ 68. Kf3 1/2-1/2

[Event "TCh-TUR Super League 2014"]
[Site "Kocaeli TUR"]
[Date "2014.08.29"]
[Round "13.1"]
[Board "5"]
[White "Arat, Ufuk Sezen"]
[Black "Erdogan, Hakan"]
[Result "1-0"]
[BlackTitle "FM"]
[WhiteElo "2189"]
[BlackElo "2217"]
[WhiteTeam "Besiktas Jimnastik Kulubu"]
[BlackTeam "Istanbul Teknik Universitesi Socar – K.N.I."]
[WhiteFideId "6309089"]
[BlackFideId "6300359"]
[EventDate "2014.08.18"]

1. d4 Nf6 2. c4 e6 3. Nc3 c5 4. d5 exd5 5. cxd5 d6 6. e4 g6 7. Nge2 Bg7 8. Ng3
O-O 9. Be2 a6 10. a4 Nbd7 11. O-O Re8 12. Be3 Qc7 13. f3 Rb8 14. Qd2 Qa5 15.
Rfc1 h5 16. Nh1 Nh7 17. Rab1 Ne5 18. b4 cxb4 19. Na2 Qxa4 20. Rxb4 Qa3 21. Bb6
Bh6 22. Qxh6 Qxa2 23. Bf1 Bd7 24. Bc7 Rbc8 25. Bxd6 b5 26. Rxc8 Bxc8 27. Qc1 Bd7
28. Rb2 Qa5 29. Qc7 Qxc7 30. Bxc7 Nc4 31. Ra2 Rc8 32. d6 Ra8 33. Nf2 Be6 34.
Bxc4 bxc4 35. Nd1 Nf6 36. Nc3 Ne8 37. Ra5 Kf8 38. Kf2 Nxc7 39. dxc7 Rc8 40. Rxa6
Rxc7 41. Nb5 Rb7 42. Nd4 Rb2+ 43. Kg3 Bd7 44. Ra7 Ke8 45. Rc7 Rb4 46. Nc2 Ra4
47. Ne3 Be6 48. Kf4 Kd8 49. Rc5 Ra2 50. h4 Ke7 51. e5 f6 52. exf6+ Kd6 53. Rb5
c3 54. Rb6+ Kd7 55. Ke5 Re2 56. Rd6+ Kc7 57. Rd3 c2 58. Rc3+ Kd7 59. Kd4 Rd2+
60. Ke4 Bb3 61. g4 Ba4 62. Nc4 Re2+ 63. Kf4 Re1 64. Ne5+ Ke6 65. f7 Ke7 66. Rc7+
Kd6 67. f8=Q+ Kxc7 68. Qe7+ Kc8 69. Qc5+ Kd8 70. Qa5+ 1-0

[Event "TCh-TUR Super League 2014"]
[Site "Kocaeli TUR"]
[Date "2014.08.29"]
[Round "13.1"]
[Board "6"]
[White "Abdumalik, Zhansaya"]
[Black "Ozturk, Kubra"]
[Result "1-0"]
[WhiteTitle "WGM"]
[BlackTitle "WGM"]
[WhiteElo "2333"]
[BlackElo "2291"]
[WhiteTeam "Istanbul Teknik Universitesi Socar – K.N.I."]
[BlackTeam "Besiktas Jimnastik Kulubu"]
[WhiteFideId "13703544"]
[BlackFideId "6302599"]
[EventDate "2014.08.18"]

1. e4 e5 2. Nf3 Nc6 3. Bb5 a6 4. Ba4 Nf6 5. O-O b5 6. Bb3 Bb7 7. d3 Be7 8. a4
O-O 9. Re1 d6 10. c3 h6 11. Na3 Qd7 12. h3 Na5 13. Bc2 c5 14. Bd2 c4 15. d4 exd4
16. cxd4 Nb3 17. Bxb3 cxb3 18. d5 bxa4 19. Nc4 Bd8 20. Bf4 Ne8 21. Nd4 Rc8 22.
Rc1 Rc5 23. Qg4 Qc7 24. Nxd6 Nxd6 25. Nf5 Bg5 26. Rxc5 Qxc5 27. Bxd6 Qa5 28. Rd1
Re8 29. h4 a3 30. bxa3 b2 31. hxg5 h5 32. Qe2 Qa4 33. Ne7+ Rxe7 34. Bxe7 1-0

[Event "TCh-TUR Super League 2014"]
[Site "Kocaeli TUR"]
[Date "2014.08.29"]
[Round "13.1"]
[Board "7"]
[White "Fedoseev, Vladimir3"]
[Black "Artemiev, Vladislav"]
[Result "1/2-1/2"]
[WhiteTitle "GM"]
[BlackTitle "GM"]
[WhiteElo "2672"]
[BlackElo "2650"]
[WhiteTeam "Besiktas Jimnastik Kulubu"]
[BlackTeam "Istanbul Teknik Universitesi Socar – K.N.I."]
[WhiteFideId "24130737"]
[BlackFideId "24101605"]
[EventDate "2014.08.18"]

1. d4 d5 2. c4 c6 3. Nf3 Nf6 4. e3 Bf5 5. Nc3 e6 6. Nh4 Bg6 7. Be2 Nbd7 8. O-O
Bd6 9. g3 O-O 10. Nxg6 hxg6 11. Qc2 dxc4 12. Bxc4 c5 13. dxc5 Nxc5 14. Rd1 Qe7
15. Bd2 a6 16. Rac1 Rac8 17. Be1 b5 18. Bf1 Nce4 19. Qb1 Nxc3 20. Bxc3 Bb4 21.
Bxb4 Qxb4 22. Bg2 Rfd8 23. Rxc8 Rxc8 24. Bb7 Rc7 25. Bxa6 Qa5 26. Rd6 Ra7 27.
Qc1 Kh7 28. b4 Qxa2 29. Qc6 Qb1+ 30. Kg2 Nd5 31. Qxb5 Qe4+ 32. Kg1 Rc7 33. Qf1
f5 34. Rd8 Nf6 35. Rd4 Qa8 36. Bc4 Qc8 37. Qd3 Ne4 38. Rd8 Qb7 39. Rh8+ Kxh8 40.
Qd8+ Kh7 41. Qh4+ Kg8 42. Bxe6+ Rf7 43. Qd8+ Kh7 1/2-1/2

[Event "TCh-TUR Super League 2014"]
[Site "Kocaeli TUR"]
[Date "2014.08.29"]
[Round "13.1"]
[Board "8"]
[White "Asan, Elvan"]
[Black "Soylemez, Cansu"]
[Result "0-1"]
[WhiteElo "1821"]
[BlackElo "1919"]
[WhiteTeam "Istanbul Teknik Universitesi Socar – K.N.I."]
[BlackTeam "Besiktas Jimnastik Kulubu"]
[WhiteFideId "6312209"]
[BlackFideId "6315429"]
[EventDate "2014.08.18"]

1. e4 c5 2. Nf3 Nc6 3. d3 e6 4. g3 d5 5. Nbd2 Nf6 6. Bg2 Be7 7. O-O b6 8. Re1
Bb7 9. e5 Nd7 10. c3 Qc7 11. Qe2 g5 12. h3 h5 13. Nf1 g4 14. hxg4 hxg4 15. N3h2
Qxe5 16. Nxg4 Qh5 17. f4 O-O-O 18. Bd2 Rdg8 19. Nf2 Qh7 20. g4 Bh4 21. Qf3 d4
22. Ne4 Kc7 23. Re2 Nd8 24. cxd4 f5 25. dxc5 Nxc5 26. b4 fxe4 27. dxe4 Nd7 28.
Rc1+ Kb8 29. g5 Qe7 30. Qc3 e5 31. Qc7+ Ka8 32. fxe5 Bxg5 33. Bxg5 Qxg5 34. Rd1
Nxe5 35. Qc2 Nf3+ 36. Kf2 Qxg2+ 37. Ke3 Qh3 38. Kd3 Ne1+ 39. Kd4 0-1

[Event "TCh-TUR Super League 2014"]
[Site "Kocaeli TUR"]
[Date "2014.08.29"]
[Round "13.1"]
[Board "9"]
[White "Gokerkan, Cem Kaan"]
[Black "Sanal, Vahap"]
[Result "1/2-1/2"]
[BlackTitle "IM"]
[WhiteElo "2052"]
[BlackElo "2473"]
[WhiteTeam "Besiktas Jimnastik Kulubu"]
[BlackTeam "Istanbul Teknik Universitesi Socar – K.N.I."]
[WhiteFideId "6336760"]
[BlackFideId "6300545"]
[EventDate "2014.08.18"]

1. e4 e5 2. Nc3 Nc6 3. g3 g6 4. Bg2 Bg7 5. Nge2 d6 6. d3 Nge7 7. O-O Be6 8. Be3
Nd4 9. Nd5 Bg4 10. f3 Nxd5 11. exd5 Bd7 12. Qd2 Nf5 13. Bf2 Bh6 14. f4 exf4 15.
Nxf4 O-O 16. Rae1 a5 17. Re4 Qf6 18. c3 Rfe8 19. Be1 Re5 20. Bf2 Rae8 21. Kh1
Qg5 22. Bg1 Bg7 23. Qf2 h5 24. Rfe1 Qh6 25. Nh3 g5 26. d4 Rxe4 27. Bxe4 Nxd4 28.
cxd4 Bxh3 29. Bh7+ Kxh7 30. Rxe8 Qg6 31. Re7 Bf5 32. h3 Be4+ 33. Kh2 Bxd5 34.
Rxc7 h4 35. g4 Be6 36. Qc2 Qxc2+ 37. Rxc2 Bxa2 38. Be3 Bb3 39. Rc7 b5 40. Ra7 a4
41. Kg2 Kg6 42. Ra6 Bf8 43. Kf2 Bc4 44. Bd2 Kf6 45. Ra8 Bg7 46. Bc3 Ke6 47. Ra7
Bf8 48. Bb4 Bd5 49. Ra6 Bc4 50. Ra7 Be7 51. Rb7 Bf6 52. Bc3 Kd5 53. Ke3 Kc6 54.
Ra7 Bd8 55. Ra6+ Kd5 56. Ra7 Ke6 57. Kf2 Be7 58. Rb7 Bd8 59. Ra7 f6 60. Rb7 Kd5
61. Bb4 Kc6 62. Rb8 Bc7 63. Rc8 Be6 64. Re8 Kd5 65. Bc3 f5 66. gxf5 Bxf5 67. Kg2
Kc4 68. Rf8 b4 69. Bd2 Be4+ 70. Kf1 Bb6 71. Rb8 Ba5 72. Bxg5 a3 73. bxa3 bxa3
74. d5 a2 75. Bf6 Bb1 76. Kf2 Bb4 77. Ke3 Bc5+ 78. Kd2 Kxd5 79. Ra8 Bf2 80. Kc1
Ke6 81. Bd8 Be3+ 82. Kb2 Bd4+ 83. Kc1 Be3+ 84. Kb2 Bd4+ 85. Kc1 Be3+ 86. Kb2
Bd4+ 87. Kc1 a1=Q 88. Rxa1 Bxa1 89. Kxb1 Bf6 90. Bc7 Be7 91. Kc2 Ke5 92. Kd3 Kf4
93. Ke2 Kg3 94. Kf1 Kh2 95. Kf2 Kh1 96. Kf1 d5 97. Be5 Bc5 98. Bf6 Kh2 99. Bxh4
Kxh3 100. Be1 Kg4 101. Ke2 Kf5 102. Kd3 Bf2 103. Bxf2 d4 104. Be3 dxe3 105. Kxe3 1/2-1/2

[Event "TCh-TUR Super League 2014"]
[Site "Kocaeli TUR"]
[Date "2014.08.29"]
[Round "13.1"]
[Board "10"]
[White "Hereklioglu, Sude"]
[Black "Arda, Cagil Irmak"]
[Result "1-0"]
[WhiteTitle "WCM"]
[BlackTitle "WCM"]
[WhiteElo "1846"]
[BlackElo "1872"]
[WhiteTeam "Istanbul Teknik Universitesi Socar – K.N.I."]
[BlackTeam "Besiktas Jimnastik Kulubu"]
[WhiteFideId "6359531"]
[BlackFideId "6351700"]
[EventDate "2014.08.18"]

1. e4 d6 2. d4 Nf6 3. Nc3 g6 4. Nf3 Bg7 5. Be2 c6 6. a4 O-O 7. O-O Bg4 8. Be3
Nbd7 9. Nd2 Bxe2 10. Qxe2 Qc7 11. f4 e5 12. dxe5 dxe5 13. f5 Kh8 14. g4 Rg8 15.
g5 Nh5 16. f6 Bf8 17. Qg4 Bc5 18. Bxc5 Nxc5 19. Rf3 Qd7 20. Qxd7 Nxd7 21. Nc4
Rgf8 22. Rd1 Nc5 23. Nxe5 Ne6 24. Rd7 Nxg5 25. Rfd3 Rae8 26. Ng4 Nxe4 27. Nxe4
Rxe4 28. h3 Nf4 29. Rxf7 Rfe8 30. Rdd7 Nxh3+ 31. Kh2 Ng5 32. Rfe7 h5 33. Rxe4
Nxe4 34. f7 Rf8 35. Ne5 Kg7 36. Rxb7 Nd6 37. Rxa7 g5 38. a5 Nb5 39. Rb7 g4 40.
a6 h4 41. Nd7 Rxf7 42. Ne5 Rc7 43. a7 Rxb7 44. a8=Q g3+ 45. Kg2 Re7 46. Nf3 Re2+
47. Kh3 Rxc2 48. Qb7+ Kf6 49. Qh7 Rc5 50. Qxh4+ Ke6 51. Nd4+ Nxd4 52. Qxd4 Rd5
53. Qe4+ Kd6 54. Kxg3 Kc5 55. Qc2+ Kb5 56. Kf4 c5 57. Qb3+ Kc6 58. Qb8 Rd4+ 59.
Ke5 Rb4 60. Qd6+ Kb5 61. Qd3+ Kb6 62. Qc3 Rd4 63. Ke6 Re4+ 64. Kd7 Rd4+ 65. Kc8
Kb5 66. b3 Rg4 67. Qd3+ Kb4 68. Qd2+ Ka3 69. Qc3 Rb4 70. Qxc5 Kxb3 71. Kd7 Rc4
72. Qe3+ Rc3 73. Qe6+ Kc2 74. Kd6 Rd3+ 75. Kc5 Kd2 76. Qa2+ Ke3 77. Qg2 Rc3+ 78.
Kd5 Kd3 79. Qf2 Rc2 80. Qf3+ Kd2 81. Kd4 Kc1 82. Qb3 Rb2 83. Qc3+ Kb1 84. Kd3
Ka2 85. Qc1 Rb3+ 86. Kc4 Rb2 87. Qd1 Rb1 88. Qa4+ Kb2 89. Qb3+ Kc1 90. Qc3+ Kd1
91. Kd3 1-0

[Event "TCh-TUR Super League 2014"]
[Site "Kocaeli TUR"]
[Date "2014.08.29"]
[Round "13.2"]
[Board "2"]
[White "Duman, Aydin"]
[Black "Miroshnichenko, Evgenij"]
[Result "0-1"]
[BlackTitle "GM"]
[WhiteElo "2244"]
[BlackElo "2602"]
[WhiteTeam "Mersin Ezgi Satranc Kulubu"]
[BlackTeam "Tarsus Zeka Satranc Kulubu"]
[WhiteFideId "6301304"]
[BlackFideId "14102595"]
[EventDate "2014.08.18"]

1. e4 d5 2. exd5 Qxd5 3. Nc3 Qd6 4. d4 Nf6 5. Nf3 g6 6. Ne5 Bg7 7. Nb5 Qd8 8. c4
O-O 9. Be2 Nbd7 10. Bf4 c6 11. Nc3 Qb6 12. c5 Qxb2 13. Rc1 Nxe5 14. Bxe5 Rd8 15.
O-O Ne4 16. Rc2 Qa3 17. Qc1 Qxc1 18. Rfxc1 Bxe5 19. dxe5 Nxc5 20. f4 Bf5 21. Rb2
h5 22. g3 b6 23. a4 Rd4 24. a5 bxa5 25. Nd1 Nd3 26. Bxd3 Rxd3 27. Nf2 Ra3 28.
Rxc6 Ra1+ 29. Kg2 Be6 30. Rd2 a4 31. Ra6 a3 32. Ne4 Rc8 33. Ng5 Bc4 34. Rxa7 a2
35. h3 Bb3 36. Ne4 Re1 0-1

[Event "TCh-TUR Super League 2014"]
[Site "Kocaeli TUR"]
[Date "2014.08.29"]
[Round "13.2"]
[Board "4"]
[White "Sengul, Cengiz"]
[Black "Goksel, Doga Cihan"]
[Result "1/2-1/2"]
[WhiteElo "2201"]
[BlackElo "2222"]
[WhiteTeam "Mersin Ezgi Satranc Kulubu"]
[BlackTeam "Tarsus Zeka Satranc Kulubu"]
[WhiteFideId "6302785"]
[BlackFideId "6301924"]
[EventDate "2014.08.18"]

1. d4 Nf6 2. c4 g6 3. Nc3 Bg7 4. e4 d6 5. Be2 O-O 6. Bg5 c5 7. d5 Qa5 8. Bd2 e6
9. Nf3 exd5 10. exd5 Bg4 11. O-O a6 12. a4 Qc7 13. Qb3 Nbd7 14. h3 Bxf3 15. Bxf3
Rfe8 16. Rae1 Rxe1 17. Rxe1 Re8 18. Rxe8+ Nxe8 19. Ne4 Nef6 20. Nxf6+ Bxf6 21.
a5 Bd4 22. Kf1 Nf6 23. Qc2 Qe7 24. b3 Qe5 25. g3 Qe7 26. Qd3 Nd7 27. Bd1 Qf6 28.
Qf3 Qe7 29. Qe2 Qd8 30. Kg2 Kg7 31. Bc2 Qf6 32. Qf3 Qd8 33. Qe4 Qf6 34. Qe1 Qd8
35. f4 Nf6 36. g4 h6 37. Bd1 Qd7 38. g5 hxg5 39. fxg5 Nh7 40. Bg4 Qd8 41. h4 Nf8
42. h5 gxh5 43. Bxh5 Qd7 44. Qe4 Ng6 45. Bg4 Qd8 46. Bf5 Be5 47. Bxg6 fxg6 48.
Qg4 Qe8 49. Qh3 Bd4 50. Kf3 Be5 51. Qe6 Qf8+ 52. Ke2 Qf7 53. Qc8 Bd4 54. Kd1
Qf3+ 55. Kc2 Qe4+ 56. Kc1 Qh1+ 57. Kc2 Qe4+ 58. Kc1 1/2-1/2

[Event "TCh-TUR Super League 2014"]
[Site "Kocaeli TUR"]
[Date "2014.08.29"]
[Round "13.2"]
[Board "5"]
[White "Ozkan, Ervin"]
[Black "Hajiyev, Shahin"]
[Result "1-0"]
[WhiteElo "2215"]
[BlackElo "2014"]
[WhiteTeam "Tarsus Zeka Satranc Kulubu"]
[BlackTeam "Mersin Ezgi Satranc Kulubu"]
[WhiteFideId "6306004"]
[BlackFideId "13401238"]
[EventDate "2014.08.18"]

1. d4 d5 2. Bf4 c6 3. e3 Qb6 4. Qc1 Bf5 5. c4 dxc4 6. Bxc4 e6 7. Nc3 Nf6 8. Nge2
Be7 9. h3 O-O 10. O-O Nbd7 11. Rd1 Rfc8 12. Ng3 Bg6 13. e4 Qd8 14. Qe3 Nh5 15.
Nxh5 Bxh5 16. Rd2 Qf8 17. Bh2 h6 18. g4 Bg6 19. f4 c5 20. d5 Nb6 21. b3 exd5 22.
Nxd5 Nxc4 23. bxc4 f6 24. Rad1 Be8 25. f5 Ba4 26. Rb1 b6 27. Nc7 Rxc7 28. Bxc7
Rc8 29. Bf4 Rd8 30. Rxd8 Qxd8 31. Qd2 Qc8 32. Bd6 Bxd6 33. Qxd6 Kh7 34. Re1 Qa6
35. e5 Qa5 36. Kf2 Qc3 37. exf6 Bc6 38. Re3 Qc2+ 39. Re2 1-0

[Event "TCh-TUR Super League 2014"]
[Site "Kocaeli TUR"]
[Date "2014.08.29"]
[Round "13.2"]
[Board "6"]
[White "Kaya, Emel"]
[Black "Gvetadze, Sofio"]
[Result "0-1"]
[WhiteTitle "WCM"]
[BlackTitle "IM"]
[WhiteElo "2000"]
[BlackElo "2361"]
[WhiteTeam "Mersin Ezgi Satranc Kulubu"]
[BlackTeam "Tarsus Zeka Satranc Kulubu"]
[WhiteFideId "6306411"]
[BlackFideId "13601440"]
[EventDate "2014.08.18"]

1. e4 c5 2. Nf3 e6 3. d4 cxd4 4. Nxd4 Nf6 5. f3 Nc6 6. c4 Nxe4 7. Nxc6 Qh4+ 8.
g3 Nxg3 9. hxg3 Qxh1 10. Nd4 Bd6 11. Ne2 Bb4+ 12. Bd2 Bc5 13. Qb3 O-O 14. Be3 b6
15. Nd2 Bxe3 16. Qxe3 d5 17. O-O-O Bb7 18. Nf4 Qh6 19. Bg2 dxc4 20. Rh1 Qg5 21.
Rh5 Qf6 22. Ne4 Bxe4 23. fxe4 Rad8 24. e5 Qe7 25. Be4 g6 26. Bc2 gxh5 27. Nxh5
f5 28. exf6 Qc5 29. Qxe6+ Kh8 30. Bf5 Rfe8 0-1